The dalit movement in India (Record no. 623)

MARC details
000 -LEADER
fixed length control field 00520 a2200169 4500
001 - CONTROL NUMBER
control field 066579
003 - CONTROL NUMBER IDENTIFIER
control field OSt
005 - DATE AND TIME OF LATEST TRANSACTION
control field 20211004102002.0
008 - FIXED-LENGTH DATA ELEMENTS--GENERAL INFORMATION
fixed length control field
082 ## - DEWEY DECIMAL CLASSIFICATION NUMBER
Classification number 305.5688095
Item number H21D
100 1# - MAIN ENTRY--PERSONAL NAME
Personal name Hardtmann, Eva Maria
245 1# - TITLE STATEMENT
Title The dalit movement in India
Statement of responsibility, etc by Eva Maria Hardtmann
260 ## - PUBLICATION, DISTRIBUTION, ETC. (IMPRINT)
Place of publication, distribution, etc New Delhi
Name of publisher, distributor, etc Oxford University Press
Date of publication, distribution, etc 2010
300 ## - PHYSICAL DESCRIPTION
Extent 263p.
690 ## - LOCAL SUBJECT ADDED ENTRY--TOPICAL TERM (OCLC, RLIN)
Topical term or geographic name as entry element India; Dalits--Political activity; Dalits--Religion; Dalits--Social conditions; Great Britain
942 ## - ADDED ENTRY ELEMENTS (KOHA)
Source of classification or shelving scheme Dewey Decimal Classification
Koha item type Books
Holdings
Withdrawn status Lost status Source of classification or shelving scheme Damaged status Not for loan Collection code Home library Current library Date acquired Source of acquisition Cost, normal purchase price Full call number Barcode Date last seen Price effective from Koha item type
    Dewey Decimal Classification     General Text Book Central University Of Rajasthan Central University Of Rajasthan 07/03/2012 ENG 295.00 305.5688095 H21D 865 21/11/2024 02/09/2020 Books